| 000 | 01319nam a22002537a 4500 | ||
|---|---|---|---|
| 999 |
_c58694 _d58694 |
||
| 003 | Ge_BSU | ||
| 005 | 20220630120100.0 | ||
| 008 | 220630s2009ge xxu||||| |||| 00| 0 geo d | ||
| 020 | _a9789941144806 | ||
| 041 | _ageo | ||
| 080 | _a620.1:539.3(075.8) დ-19 | ||
| 100 |
_aდანელია, დ. _914246 |
||
| 245 |
_aმასალათა გამძლეობის საფუძვლები : _b[სახელმძღვ. სტუ-ს სამშენებლო ფაკ. სტუდ.] / _c დ. დანელია, ა. კვარაცხელია, ზ. მაძაღუა . |
||
| 264 |
_aთბილისი: _bტექნ. უნ-ტი, _c2009. |
||
| 300 |
_a87 გვ. : _c20 სმ. |
||
| 501 | _aდანართები: გვ. 79-82. | ||
| 504 | _aბიბლიოგრ.: გვ. 84. | ||
| 653 | _aმასალათა გამძლეობა | ||
| 653 | _aსახელმძღვანელოები უმაღლესი სასწავლებლებისათვის | ||
| 700 |
_aკვარაცხელია, ა _96657 |
||
| 700 |
_a მაძაღუა, ზ _914247 |
||
| 710 |
_aსაქართველოს ტექნიკური უნივერსიტეტი _914248 |
||
| 942 |
_2udc _cBK |
||